000 00261nam a2200121 i 4500
001 bg
245 0 _aKruszywa i surowce mineralne.
260 _aWarszawa,
_c1975.
040 _cBPK
041 _apol
942 _cKS
008 s pl f |000 0 pol
999 _c18457
_d18457
856 _uhttp://koha.tu.koszalin.pl/cgi-bin/koha/opac-detail.pl?biblionumber=18457
_yKatalog online BPK